Art of the event : complete guide to designing and decorating special events (Record no. 284904)

MARC details
000 -LEADER
fixed length control field 00474nam a2200157Ia 4500
005 - DATE AND TIME OF LATEST TRANSACTION
control field 20241107142153.0
008 - FIXED-LENGTH DATA ELEMENTS--GENERAL INFORMATION
fixed length control field 240126s9999 xx 000 0 und d
020 ## - INTERNATIONAL STANDARD BOOK NUMBER
International Standard Book Number 9780471426868
082 ## - DEWEY DECIMAL CLASSIFICATION NUMBER
Classification number 394.2 MON;1 R
100 ## - MAIN ENTRY--PERSONAL NAME
Personal name Monroe, James C.
245 #0 - TITLE STATEMENT
Title Art of the event : complete guide to designing and decorating special events
260 ## - PUBLICATION, DISTRIBUTION, ETC. (IMPRINT)
Name of publisher, distributor, etc. John Wiley & Sons
Place of publication, distribution, etc. New Jersey
Date of publication, distribution, etc. 2006
300 ## - PHYSICAL DESCRIPTION
Extent xxix, 417
440 ## - SERIES STATEMENT/ADDED ENTRY--TITLE
Title The wiley event management series
942 ## - ADDED ENTRY ELEMENTS (KOHA)
Koha item type PESU Books
Holdings
Date last seen Total Checkouts Full call number Accession number Old discount Volume/Issue Number Cost, replacement price Price effective from Category Lost status Damaged status Department Withdrawn status bill no. Permanent Location Current Location Shelving location Entry date Vendor Cost, normal purchase price Grants Currency symbol Conversion rate Discount Discount type
26/01/2024   394.2 MON;1 R PU8849 20 (28/06/1905) 4917.60 26/01/2024 PESU Books     HEM   IN3431 Central Library Central Library HM 11/06/2018 Aberuk.com 90.00 HM USD 68.3 18 Rupees

© For any Suggestions or Query, please contact the library staff @ librarian@pes.edu or Phone: +9180 2672 1983/ 2108.